Welcome to the Holygrace Academy Library

Please use search bar below to get started

MATHEMATICS QUESTION BANK AND SAMPLE QUESTION PAPERS (Record no. 758)

MARC details
000 -LEADER
fixed length control field 00494nam a22001457a 4500
020 ## - INTERNATIONAL STANDARD BOOK NUMBER
ISBN 978-81-7739-264-7
082 ## - DEWEY DECIMAL CLASSIFICATION NUMBER
Classification number 510
Item number AGG/M
100 ## - MAIN ENTRY--AUTHOR NAME
Personal name M.L.AGGARWAL
245 ## - TITLE STATEMENT
Title MATHEMATICS QUESTION BANK AND SAMPLE QUESTION PAPERS
Remainder of title CLASS X
260 ## - PUBLICATION, DISTRIBUTION, ETC. (IMPRINT)
Place of publication DELHI
Name of publisher AVICHAL PUBLISHING COMPANY
Year of publication 2010
300 ## - PHYSICAL DESCRIPTION
Number of Pages 304
520 ## - SUMMARY, ETC.
Summary, etc MANUAL FOR CONTINUOUS AND COMPREHENSIVE EVALUATION (CCE), FORMATIVE ASSESSMENT , SUMMATIVE ASSESSMENT, HINTS AND SOLUTIONS
650 ## - SUBJECT ADDED ENTRY--TOPICAL TERM
Topical Term MATHS FOR CLASS X
Geographic subdivision INDIA
942 ## - ADDED ENTRY ELEMENTS (KOHA)
Koha item type Books
Holdings
Withdrawn status Lost status Collection code Home library Current library Shelving location Date acquired Source of acquisition Cost, normal purchase price Full call number Accession Number Koha item type
    Reference Main Library Main Library SHELF-8 B CLASS X-MATHS 24/09/2012 purchase 200.00 510 AGG/M 07063 Books